Matemática 1, para primer curso /

Guardado en:
Autor Principal: Rojo, Armando O.
Formato: Libro
Publicado: Buenos Aires : El Ateneo, 1973
Materias:
Etiquetas: Agregar Etiqueta
Sin Etiquetas, Sea el primero en etiquetar este registro!
LEADER 00429nam a22001575a 4500
001 CEM.cems005550
005 20060221000000.0
008 130507s1973##################000#0#####d
003 CEMS
082 0 4 |a 510 
100 1 |a Rojo, Armando O. 
245 1 0 |a Matemática 1, para primer curso / 
260 |a Buenos Aires :  |b El Ateneo,  |c 1973 
300 |a 371 p. 
653 |a Matematica 
859 |a CEMS  |b BIB. CEMS - 11 de abril  |h 510  |i R638/I  |p 5726.76  |t Ej.1